| 000 | 00439nam a22001457a 4500 | ||
|---|---|---|---|
| 003 | MACL | ||
| 005 | 20181215161916.0 | ||
| 008 | 181215b xxu||||| |||| 00| 0 eng d | ||
| 040 | _c MACL | ||
| 100 |
_aश्रीवास्तव, चम्पा _973419 |
||
| 245 | _aआखर थोरे | ||
| 260 |
_aइलाहाबाद _bलोकभारती _c2015 |
||
| 650 |
_aलघुकथा _956911 |
||
| 942 |
_2ddc _cHIN |
||
| 999 |
_c58727 _d58727 |
||